000 00621cam a2200193ua 4500
001 1943
008 110806n ii |||gr||||Z||||||eng
020 _a0-7069-9137-0
040 _cMAIN
082 _a370.1
100 _aAgarwal, J. C.,
_eAuthor.
245 1 _aTheory and principles of education philosophical and sociological bases of education
_cby J. C. Agarwal
250 _a10th.
260 _aNew Delhi:
_bVikas publishing houe pvt. ltd,996.
300 _aviii; 440p:
_c23cm.
653 _aEducation
653 _aTheory and principles of education philosophical and sociological bases of education
942 _cBK
999 _c1818
_d1818